Welcome to Marium Abdulla Library

Embrace knowledge with a breath of fresh air.

Browse Collection

Marium Abdulla Library

Mondrian : (Record no. 14540)

MARC details
000 -LEADER
fixed length control field 01157nam a2200301 a 4500
001 - CONTROL NUMBER
control field 20888
003 - CONTROL NUMBER IDENTIFIER
control field IVS
005 - DATE AND TIME OF LATEST TRANSACTION
control field 20250626031028.0
008 - FIXED-LENGTH DATA ELEMENTS--GENERAL INFORMATION
fixed length control field 890525t19881987enka bc 000 0 eng
010 ## - LIBRARY OF CONGRESS CONTROL NUMBER
LC control number 89145872
020 ## - INTERNATIONAL STANDARD BOOK NUMBER
International Standard Book Number 0500275122
040 ## - CATALOGING SOURCE
Original cataloging agency DLC
Transcribing agency DLC
Modifying agency DLC
050 00 - LIBRARY OF CONGRESS CALL NUMBER
Classification number N6953.M64
Item number A4 1987
082 00 - DEWEY DECIMAL CLASSIFICATION NUMBER
Classification number 759.942 MON
Edition information 20
Item number 20888
100 1# - MAIN ENTRY--PERSONAL NAME
Personal name Mondrian, Piet,
Dates associated with a name 1872-1944.
245 10 - TITLE STATEMENT
Title Mondrian :
Remainder of title from figuration to abstraction.
260 ## - PUBLICATION, DISTRIBUTION, ETC.
Place of publication, distribution, etc. London :
Name of publisher, distributor, etc. Thames and Hudson,
Date of publication, distribution, etc. 1988, c1987.
300 ## - PHYSICAL DESCRIPTION
Extent 237 p. :
Other physical details ill. (some col.) ;
Dimensions 27 cm.
500 ## - GENERAL NOTE
General note Catalog of an exhibition of works from the Sidney Janis Gallery in New York and the Haags Gemeentemuseum in the Netherlands, held at the Seibu Museum of Art, Tokyo, 7/25-8/31/87 and at other museums in Japan.
504 ## - BIBLIOGRAPHY, ETC. NOTE
Bibliography, etc. note Includes bibliographical references (p. 237).
600 10 - SUBJECT ADDED ENTRY--PERSONAL NAME
Personal name Mondrian, Piet,
Dates associated with a name 1872-1944
General subdivision Exhibitions.
710 2# - ADDED ENTRY--CORPORATE NAME
Corporate name or jurisdiction name as entry element Sidney Janis Gallery.
710 2# - ADDED ENTRY--CORPORATE NAME
Corporate name or jurisdiction name as entry element Haags Gemeentemuseum.
710 2# - ADDED ENTRY--CORPORATE NAME
Corporate name or jurisdiction name as entry element Seibu Bijutsukan.
906 ## - LOCAL DATA ELEMENT F, LDF (RLIN)
a 7
b cbc
c orignew
d 2
e ncip
f 19
g y-gencatlg
942 ## - ADDED ENTRY ELEMENTS (KOHA)
Source of classification or shelving scheme Dewey Decimal Classification
Koha item type Book
Suppress in OPAC No
Holdings
Date last seen Total checkouts Total renewals Full call number Barcode Date last checked out Price effective from Koha item type Lost status Source of classification or shelving scheme Damaged status Not for loan Collection Withdrawn status Home library Current library Shelving location Date acquired Source of acquisition Cost, normal purchase price
02/19/2024 3 2 759.942 MON 20888 02/12/2024 10/19/2022 Book   Dewey Decimal Classification     Fine Arts   Marium Abdulla Library Marium Abdulla Library Non-Ref 08/31/2022 Yasmin Mehta 8395.00